| 000 | 00575nam a22002057a 4500 | ||
|---|---|---|---|
| 999 |
_c6132 _d6132 |
||
| 003 | GBCCL | ||
| 005 | 20241126110556.0 | ||
| 008 | 180501b ||||| |||| 00| 0 eng d | ||
| 020 | _a0006224865 | ||
| 040 | _cgbc | ||
| 082 |
_a813.54 _bLEW |
||
| 100 |
_aLewis, C. S. _911026 |
||
| 245 |
_aThe screwtape letters: _bLetters from a senior to a junior devil / _cC. S. Lewis |
||
| 250 | _a20th impression | ||
| 260 |
_aLondon: _bCollins, _c1973 |
||
| 300 |
_a160 p.; _c18 cm. |
||
| 650 |
_aChristianity _y20th century _9436 |
||
| 650 |
_aReligious fiction _95682 |
||
| 942 |
_2ddc _cBK |
||